Cowboy's redemption / (Record no. 31082)

MARC details
000 -LEADER
fixed length control field 01949cam a2200481Ii 4500
001 - CONTROL NUMBER
control field 1956464
003 - CONTROL NUMBER IDENTIFIER
control field OSt
005 - DATE AND TIME OF LATEST TRANSACTION
control field 20250902013841.0
008 - FIXED-LENGTH DATA ELEMENTS--GENERAL INFORMATION
fixed length control field 180409s2018 onc e 000 1 eng d
020 ## - INTERNATIONAL STANDARD BOOK NUMBER
International Standard Book Number 9781335639134
Qualifying information (paperback)
035 ## - SYSTEM CONTROL NUMBER
System control number 1956464
035 ## - SYSTEM CONTROL NUMBER
System control number (OCoLC)1030916781
035 ## - SYSTEM CONTROL NUMBER
System control number 1956464
040 ## - CATALOGING SOURCE
Original cataloging agency IHI
Language of cataloging eng
Description conventions rda
Transcribing agency IHI
Modifying agency IHI
-- IFA
049 ## - LOCAL HOLDINGS (OCLC)
Holding library IFAA
099 ## - LOCAL FREE-TEXT CALL NUMBER (OCLC)
Filing suffix 2018
999 ## - SYSTEM CONTROL NUMBERS (KOHA)
Koha Dewey Subclass [OBSOLETE] ROMANCE DANIELS 2018
100 1# - MAIN ENTRY--PERSONAL NAME
Personal name Daniels, B. J.,
Relator term author.
245 10 - TITLE STATEMENT
Title Cowboy's redemption /
Statement of responsibility, etc. B.J. Daniels.
264 #1 - PRODUCTION, PUBLICATION, DISTRIBUTION, MANUFACTURE, AND COPYRIGHT NOTICE
Place of production, publication, distribution, manufacture Toronto, Ontario :
Name of producer, publisher, distributor, manufacturer Harlequin Enterprises Limited,
Date of production, publication, distribution, manufacture, or copyright notice [2018]
264 #4 - PRODUCTION, PUBLICATION, DISTRIBUTION, MANUFACTURE, AND COPYRIGHT NOTICE
Date of production, publication, distribution, manufacture, or copyright notice ♭2018
300 ## - PHYSICAL DESCRIPTION
Extent 284 pages ;
Dimensions 17 cm.
336 ## - CONTENT TYPE
Content type term text
Content type code txt
Source rdacontent
337 ## - MEDIA TYPE
Media type term unmediated
Media type code n
Source rdamedia
338 ## - CARRIER TYPE
Carrier type term volume
Carrier type code nc
Source rdacarrier
490 1# - SERIES STATEMENT
Series statement Harlequin intrigue. Larger print ;
Volume/sequential designation #1779
490 1# - SERIES STATEMENT
Series statement Montana Cahills
500 ## - GENERAL NOTE
General note "Larger print"--Cover.
520 ## - SUMMARY, ETC.
Summary, etc. He gave her his heart. She gave him a daughter. Eighteen months ago, Colt McCloud experienced an unforgettable night of passion. Now his onetime lover is at his door, pleading for help to save the daughter they conceived. Lola Dayton knows Colt is her only hope to infiltrate the kidnapper's compound and save their baby. His military--and father--instincts kick in. And Colt secretly vows ... if they survive, he'll make this threesome a forever family.
650 #0 - SUBJECT ADDED ENTRY--TOPICAL TERM
Topical term or geographic name as entry element Man-woman relationships
Form subdivision Fiction.
650 #0 - SUBJECT ADDED ENTRY--TOPICAL TERM
Topical term or geographic name as entry element Sexual attraction
Form subdivision Fiction.
650 #0 - SUBJECT ADDED ENTRY--TOPICAL TERM
Topical term or geographic name as entry element Cowboys
Form subdivision Fiction.
650 #0 - SUBJECT ADDED ENTRY--TOPICAL TERM
Topical term or geographic name as entry element Kidnapping
Form subdivision Fiction.
650 #0 - SUBJECT ADDED ENTRY--TOPICAL TERM
Topical term or geographic name as entry element Unplanned pregnancy
Form subdivision Fiction.
651 #0 - SUBJECT ADDED ENTRY--GEOGRAPHIC NAME
Geographic name Montana
Form subdivision Fiction.
655 #7 - INDEX TERM--GENRE/FORM
Genre/form data or focus term Romance fiction.
Source of term lcgft
655 #7 - INDEX TERM--GENRE/FORM
Genre/form data or focus term Thrillers (Fiction)
Source of term lcgft
800 1# - SERIES ADDED ENTRY--PERSONAL NAME
Personal name Daniels, B. J.
Title of a work Cahill Ranch novel.
830 #0 - SERIES ADDED ENTRY--UNIFORM TITLE
Uniform title Harlequin intrigue.
Name of part/section of a work Larger print ;
Volume number/sequential designation 1779.
902 ## - LOCAL DATA ELEMENT B, LDB (RLIN)
a MARCIVE
942 ## - ADDED ENTRY ELEMENTS (KOHA)
Koha item type Libro/Book
Holdings
Withdrawn status Lost status Damaged status Not for loan Home library Current library Date acquired Total Checkouts Full call number Barcode Date last seen Price effective from Koha item type
        San Juan Del Sur -- Biblioteca San Juan Del Sur -- Biblioteca 02/09/2025   F 30023321 02/09/2025 02/09/2025 Libro/Book

Powered by Koha